00947 2200277 4500245008100000250001100081700001600092100002000108700002000128700002100148700002600169700002200195700002400217700002500241100001700266700001700283700002100300650001600321005001900337260001800356041001400374084000800388300002000396500024400416336000900660 aKoleksi Karya Siswa Kelas XI - MPLB b : ArgumentasicNadia FebriantihText aCet. 1 aFatma Aulia aNadia Febrianti aNovianti hamzah aAdela Nursafitri aAprilia Nurul Fatimah aNelvia Nurvalinda aAnis Zharifah Najla aAdinda Nur Ramadhani aKaila Raisha aNayla Ayesha aYossi Nurul Aini aKarya Siswa a20240219134342 aJakartac2024 aIndonesia a081 ailus. :c25 cm. aKoleksi karya siswa ini merupakan karya argumentasi dari beberapa siswa kelas XI-DKV. Beberapa karya argumentasinya seperti Kesehatan Mental Bagi Remaja itu Penting karya Kaila Raisha, Kebersihan Lingkungan Sekolah dan karya-karya lainnya. atext